L'attaque des titans : lieux (SNK) - Statistiques

Statistiques générales
  • Ce quiz a été pris 612 fois
  • Le résultat moyen est 8 sur 28
Statistiques - réponses
Type de quiz Nom de la localisation % Correct
Mur Maria
91%
Mur Rose
90%
Île Paradis
89%
Mur Sina
88%
Nation Mahr
83%
District de Maria Shiganshina
82%
District de Rose Trost
63%
Nation Eldia
43%
Village de Conny Ragako
38%
Ville Mahr Revelio
38%
District de Sina Stohess
31%
Capitale de Paradis Mitras
18%
Forêt Forêt des Arbres Géants
17%
Continent/ Alliance Moyen-Orient
13%
Nation Heazul
11%
Ferme Ferme Braus
10%
District de Rose Utopia
7%
Village de Sacha Dauper
6%
District de Rose Karanese
6%
Ville conquise par Mahr Slava
6%
Forteresse Mahr Slatoa
4%
District de Sina Orvurd
3%
District de Sina Yarckel
3%
Ville portuaire Califa
2%
District de Rose Chlorba
2%
District de Sina Hermiha
2%
Ville portuaire Odiha
2%
Cité antique Lago
1%
Aucun quiz correspondant
Distribution des résultats
% des personnes avec chaque résultat
Percentile par nombre de réponses
Votre historique - résultats
Vous n’avez pas pris ce quiz